00524nam a22001697a 450000500170000001000150001702000260003203500140005803700090007208200160008124500660009726000420016327000740020530000200027970000490029976000060034820250424152349.0 aENG-144730 a9788119337347c400.00 aEN-128262 bDBAD a330.095421 aIndian Economy @ 75/cDaisy P K, Jomal Thomas and Anisha N G. aTamil NadubShanlax Publicationc2023 a61, 66 T.P.K .Main Road, Vasantha nagar, MaduraibTamil Nadue625003 a186p.c25cm(Pb) aDaisy P.K, Jamol Thomas, Anisha N G.eEditor b1